No margin for error: educational and occupational achievement among disadvantaged children of immigrants (Record no. 80486)

000 -LEADER
fixed length control field 00528pab a2200169 454500
008 - FIXED-LENGTH DATA ELEMENTS--GENERAL INFORMATION
fixed length control field 180718b2008 xxu||||| |||| 00| 0 eng d
100 ## - MAIN ENTRY--PERSONAL NAME
Personal name Rortes, Alejandro
245 ## - TITLE STATEMENT
Title No margin for error: educational and occupational achievement among disadvantaged children of immigrants
260 ## - PUBLICATION, DISTRIBUTION, ETC.
Date of publication, distribution, etc. 2008
300 ## - PHYSICAL DESCRIPTION
Extent p.12-36.
362 ## - DATES OF PUBLICATION AND/OR SEQUENTIAL DESIGNATION
Dates of publication and/or sequential designation Nov
650 ## - SUBJECT ADDED ENTRY--TOPICAL TERM
Topical term or geographic name entry element Disadvantaged children
700 ## - ADDED ENTRY--PERSONAL NAME
Personal name Fernandez Kelly, Patricia
773 ## - HOST ITEM ENTRY
Main entry heading Annals of the American Academy of Political and Social Science
908 ## - PUT COMMAND PARAMETER (RLIN)
Put command parameter N
909 ## -
-- 80486
Holdings
Withdrawn status Lost status Damaged status Not for loan Permanent Location Current Location Date acquired Serial Enumeration / chronology Barcode Date last seen Price effective from Koha item type
        Indian Institute of Public Administration Indian Institute of Public Administration 2018-07-19 Volume no: 620, AR80946 2018-07-19 2018-07-19 Articles

Powered by Koha